Les personnages avec le plus de midi-chloriens dans Star Wars - Statistiques

Statistiques générales
  • Ce quiz a été pris 87 fois
  • Le résultat moyen est 10 sur 20
Statistiques - réponses
Midi-chloriens Personnage % Correct
17700 Yoda
97%
27700 Anakin Skywalker
96%
12000 Mace Windu
88%
20000 Palpatine
88%
13400 Obi-Wan Kenobi
82%
12500 Luke Skywalker
78%
12000 Maul
71%
13500 Comte Dooku
66%
10000 Qui-Gon Jinn
60%
10000 Leia Organa
49%
11800 Kit Fisto
45%
10300 Plo Koon
44%
10600 Ki-Adi Mundi
42%
11300 Yaddle
25%
10000 Aayla Secura
21%
11900 General Grievous
21%
13600 Dark Plagueis
18%
10500 Dark Bane
5%
11000 Mara Jade
1%
11700 Exar Kun
0%
Aucun quiz correspondant
Distribution des résultats
% des personnes avec chaque résultat
Percentile par nombre de réponses
Votre historique - résultats
Vous n’avez pas pris ce quiz